000 00650cam a22002174a 4500
003 OSt
005 20260413104500.0
008 050929s2005 ii ab b 001 0 eng
020 _a9780195669084
040 _cHDL
041 _dEnglish
082 _a294.5563 P5
245 0 4 _aThe Aryan debate /
_c[edited by] Thomas R. Trautmann.
260 _aNew Delhi :
_bOxford University Press,
_c2005.
300 _axliii, 289 p.
440 0 _aOxford in India readings.
_pDebates in Indian history and society
_91234712
651 0 _aIndia
_xHistory
_91105577
700 1 _aTrautmann, Thomas R.
_9975459
942 _2CC
_cTEXL
_n0
999 _c1848246
_d1848246